Statistics for Biggest Cities in the Interior of Brazil

Click here to take the quiz!

General Stats

  • This quiz has been taken 37 times
  • The average score is 13 of 20

Answer Stats

StatePopulationCity% Correct
São Paulo1,204,073Campinas
94%
Minas Gerais691,305Uberlândia
88%
Santa Catarina590,466Joinville
79%
São Paulo703,293Ribeirão Preto
79%
Paraná569,733Londrina
76%
Paraná423,666Maringá
74%
Bahia614,872Feira de Santana
71%
São Paulo721,944São José dos Campos
71%
São Paulo679,378Sorocaba
68%
Minas Gerais568,873Juiz de Fora
65%
Pernambuco361,118Caruaru
62%
Goiás386,923Anápolis
59%
Paraíba409,731Campina Grande
59%
Rio Grande do Sul510,906Caxias do Sul
59%
São Paulo418,962Jundiaí
56%
São Paulo460,671São José do Rio Preto
56%
Rio de Janeiro507,548Campos dos Goytacazes
53%
Minas Gerais409,341Montes Claros
50%
São Paulo376,818Bauru
44%
São Paulo404,142Piracicaba
44%

Score Distribution

Percentile by Number Answered

Percent of People with Each Score

Your Score History

You have not taken this quiz